Random Geography Trivia #3 - Statistics

General Stats
  • This quiz has been taken 95 times
  • The average score is 6 of 8
Answer Stats
Hint Answer % Correct
How many colored rings does the Olympic flag have? 5
98%
How many stars are on the Chinese flag? 5
98%
How many colors are used in the South African flag? 6
97%
What is the only flag that does not have four sides? Nepal
84%
The Union Jack is the flag of what state? United Kingdom
82%
What two symbols appeared on the flag of the USSR? Hammer and Sickle
66%
What colors is the flag of the United Nations? Blue and White
62%
Which country features a shipwreck on its national flag? Bemuda
0%
No matching quizzes found
Score Distribution
Percent of People with Each Score
Percentile by Number Answered
Your Score History
You have not taken this quiz